KOHA-Header-6

Writing For Mass Communication (Record no. 7024)

000 -LEADER
fixed length control field 00261nam a2200109Ia 4500
100 ## - MAIN ENTRY--AUTHOR NAME
Personal name Earl R. Hutchison Sr.
245 #0 - TITLE STATEMENT
Title Writing For Mass Communication
260 ## - PUBLICATION, DISTRIBUTION, ETC. (IMPRINT)
Place of publication USA
Name of publisher CRC
Year of publication 1996
300 ## - PHYSICAL DESCRIPTION
Number of Pages 382
942 ## - ADDED ENTRY ELEMENTS (KOHA)
Koha item type Books
Holdings
Withdrawn status Lost status Permanent Location Current Location Shelving location Date acquired Full call number Accession Number Koha item type
    MAJU MAJU Shelf No.A14 2019-09-11 302.23 627 Books

Powered by Koha